Career Path - Manchester United Edition - Statistics

General Stats
  • This quiz has been taken 66 times
  • The average score is 16 of 20
Answer Stats
Hint Answer % Correct
2018–2021 Bayern Munich II 2019–2022 Bayern Munich 2021 → Parma (loan) 2021–2022 → Anderlecht (loan) 2022–2024 Bologna 2024– Manchester United Joshua Zirkzee
96%
2021–2023 Manchester United 2023–2025 Nottingham Forest 2025– Newcastle United Anthony Elanga
95%
2004–2008 Manchester United 2006–2007 → Zaragoza (loan) 2008–2022 Barcelona Gerard Pique
95%
2006–2015 Manchester United 2006 → Royal Antwerp (loan) 2006–2007 → Sunderland (loan) 2008 → Sunderland (loan) 2015–2018 West Bromwich Albion 2018–2023 Leicester City 2023–2025 Manchester United Jonny Evans
91%
2012–2013 Internacional 2013–2018 Shakhtar Donetsk 2018–2023 Manchester United 2023– Fenerbahçe Fred
89%
2008–2014 Manchester United 2010 → Preston North End (loan) 2010–2011 → Sunderland (loan) 2014–2019 Arsenal 2019–2020 Watford 2020– Brighton & Hove Albion Danny Welbeck
88%
2008–2009 Zaragoza B 2009–2011 Zaragoza 2011–2014 Athletic Bilbao 2014–2019 Manchester United 2019–2022 Paris Saint-Germain 2022–2025 Athletic Bilbao 2025– Boca Juniors Ander Herrera
82%
2009–2011 Blackburn Rovers 2011–2023 Manchester United Phil Jones
82%
2006–2007 Kolubara 2007–2009 Košice 2009–2011 Chelsea 2010–2011 → Vitesse (loan) 2011–2014 Benfica 2014–2017 Chelsea 2017–2022 Manchester United 2022–2023 Roma 2023–2024 Rennes 2024–2025 Lyon 2025– Sassuolo Nemanja Matic
80%
2006–2010 AC Milan2009–2010 → Padova (loan) 2010–2011 Palermo 2011–2015 Torino 2015–2019 Manchester United 2019–2021 Parma 2020–2021 → Inter Milan (loan) 2021– Inter Milan Matteo Darmian
79%
1997 North Jersey Imperials1998–2003 MetroStars 1998 → MLS Pro-40 (loan) 2003–2007 Manchester United 2006–2007 → Everton (loan) 2007–2016 Everton 2016–2019 Colorado Rapids 2020 Memphis 901 Tim Howard
79%
2000–2003 Kyoto Purple Sanga 2003–2005 PSV Eindhoven 2005–2012 Manchester United 2012–2014 Queens Park Rangers 2013–2014 → PSV Eindhoven (loan) Park Ji-sung
77%
2022–2024 Manchester United 2022–2023 → Preston North End (loan) 2023–2024 → Granada (loan) 2024 → Benfica (loan) 2024–2025 Benfica 2025– Real Madrid Alvaro Carreras
73%
1990–1999 Ajax 1999–2001 Juventus 2001–2005 Fulham 2005–2011 Manchester United 2016 VV Noordwijk Edwin van der Sar
73%
1999–2001 Lanceros Boyacá 2004–2009 River Plate 2009–2011 Porto 2011–2013 Atlético Madrid 2013–2019 Monaco 2014–2015 → Manchester United (loan) 2015–2016 → Chelsea (loan) 2019–2021 Galatasaray 2021–2024 Rayo Vallecano 2024–2025 Millonarios Radamel Falcao
73%
2018–2019 Swansea City 2017 → Shrewsbury Town (loan) 2019–2021 Manchester United 2021– Leeds United 2022–2023 → Fulham (loan) Daniel James
71%
2021–2024 Manchester United2022–2023 → Birmingham City (loan) 2024 → Sevilla (loan) 2024– Burnley Hannibal Mejbri
71%
1992–1993 FC Zwolle 1993–1995 SC Cambuur 1995–1996 Willem II 1996–1998 PSV Eindhoven 1998–2001 Manchester United 2001–2004 Lazio 2004–2006 Milan 2006–2007 Ajax Jaap Stam
64%
1999–2011 Manchester United 2000 → AFC Bournemouth (loan) 2000–2001 → Royal Antwerp (loan) 2011–2018 Sunderland 2018–2019 Reading John O'Shea
57%
1989–1998 Aston Villa1998–2002 Manchester United 2002–2004 Blackburn Rovers 2004–2005 Birmingham City 2005–2006 Sydney FC 2006–2009 Sunderland Dwight Yorke
55%
No matching quizzes found
Score Distribution
Percent of People with Each Score
Percentile by Number Answered
Your Score History
You have not taken this quiz